| Tag |
First Indicator |
Second Indicator |
Subfields |
| LEADER |
00000cam a2200000 i 4500 |
| 001 |
in00004097516 |
| 005 |
20211120103232.0 |
| 006 |
m o d f |
| 007 |
cr mn||||||||| |
| 008 |
191122s2019 paua o f000 0 eng c |
| 035 |
|
|
|a (OCoLC)on1128282824
|
| 042 |
|
|
|a pcc
|
| 043 |
|
|
|a n-us---
|
| 040 |
|
|
|a GPO
|b eng
|e rda
|e pn
|c GPO
|d OCLCF
|d GPO
|d MvI
|
| 049 |
|
|
|a WWW
|
| 074 |
|
|
|a 0307-A-31 (online)
|
| 086 |
0 |
|
|a D 101.146:D 63/3
|
| 100 |
1 |
|
|a Millen, Raymond A.,
|e author.
|
| 245 |
1 |
0 |
|a Disarmament, demobilization, and reintegration :
|b a primer for military practitioners /
|c Raymond A. Millen.
|
| 264 |
|
1 |
|a Carlisle, PA :
|b U.S. Army Peacekeeping and Stability Operations Institute,
|c 2019.
|
| 300 |
|
|
|a 1 online resource (v, 31 pages) :
|b illustrations
|
| 336 |
|
|
|a text
|b txt
|2 rdacontent
|
| 337 |
|
|
|a computer
|b c
|2 rdamedia
|
| 338 |
|
|
|a online resource
|b cr
|2 rdacarrier
|
| 500 |
|
|
|a "October 2019."
|
| 588 |
|
|
|a Description based on online resource; title from PDF title page (PKSOI website, viewed Nov. 22, 2019).
|
| 650 |
|
0 |
|a Postwar reconstruction.
|
| 651 |
|
0 |
|a United States
|x Armed Forces
|x Stability operations.
|
| 650 |
|
7 |
|a Armed Forces
|x Stability operations.
|2 fast
|0 (OCoLC)fst01982153
|
| 650 |
|
7 |
|a Postwar reconstruction.
|2 fast
|0 (OCoLC)fst01200084
|
| 651 |
|
7 |
|a United States.
|2 fast
|0 (OCoLC)fst01204155
|
| 710 |
2 |
|
|a Peacekeeping and Stability Operations Institute,
|e issuing body.
|
| 856 |
4 |
0 |
|u https://purl.fdlp.gov/GPO/gpo128924
|t 0
|
| 999 |
f |
f |
|s 6197535b-dc4e-3136-98cf-53090c3fe26b
|i 1e1ae4e1-112b-377d-ba26-b7cb195bbaa7
|t 0
|
| 952 |
f |
f |
|a Texas A&M University
|b College Station
|c Electronic Resources
|d Available Online
|t 0
|e D 101.146:D 63/3
|h Superintendent of Documents classification
|
| 998 |
f |
f |
|a D 101.146:D 63/3
|t 0
|l Available Online
|